[Event "Titled Tuesday intern op 5th Nov"]
[Site "Chess.com INT"]
[Date "2019.11.05"]
[Round "5"]
[White "Lushenkov, Mikhail M"]
[Black "Gatineau, Yovann"]
[Result "1-0"]
[WhiteElo "2434"]
[BlackElo "2373"]
[PlyCount "81"]
[EventDate "2019.11.05"]
[EventType "swiss (blitz)"]
[EventRounds "10"]
[EventCountry "USA"]
[SourceTitle "EXT 2021"]
[Source "ChessBase"]
[SourceDate "2020.10.23"]
[SourceVersion "1"]
[SourceVersionDate "2020.10.23"]
[SourceQuality "1"]

1. Nf3 g6 2. e4 Bg7 3. d4 d6 4. c4 Nd7 5. Nc3 e6 6. Bd3 h6 7. Be3 Ne7 8. h4 a6 9. Qd2 b6 10. h5 g5 11. d5 e5 12. Nh2 Nc5 13. g4 Bd7 14. Bc2 a5 15. f3 Qc8 16. Nf1 Qa6 17. b3 f6 18. Ng3 0-0 19. 0-0 Qc8 20. Qe2 Rd8 21. Kg2 Bf8 22. Rab1 Qb7 23. a3 Ra7 24. Rb2 Rda8 25. Rfb1 Qc8 26. Qd1 Qe8 27. Nf1 a4 28. b4 Nb3 29. Ne2 Nc8 30. Nd2 b5 31. cxb5 Rb7 32. Nc3 Bxb5 33. Nxb5 Qxb5 34. Nxb3 axb3 35. Rxb3 Nb6 36. Bd3 Nc4 37. Bf2 c6 38. dxc6 Rc7 39. Bxc4+ Qxc4 40. Qd5+ Qxd5 41. exd5 1-0

[Event "Titled Tuesday intern op 5th Nov"]
[Site "Chess.com INT"]
[Date "2019.11.05"]
[Round "4"]
[White "Mousavi, Seyed Khalil"]
[Black "Lushenkov, Mikhail M"]
[Result "1-0"]
[WhiteElo "2501"]
[BlackElo "2434"]
[PlyCount "99"]
[EventDate "2019.11.05"]
[EventType "swiss (blitz)"]
[EventRounds "10"]
[EventCountry "USA"]
[SourceTitle "EXT 2021"]
[Source "ChessBase"]
[SourceDate "2020.10.23"]
[SourceVersion "1"]
[SourceVersionDate "2020.10.23"]
[SourceQuality "1"]

1. c4 e6 2. Nf3 d5 3. d4 Nf6 4. e3 c6 5. Nbd2 c5 6. dxc5 Bxc5 7. Qc2 Be7 8. Bd3 Nc6 9. a3 d4 10. exd4 Nxd4 11. Nxd4 Qxd4 12. Nf3 Qd8 13. 0-0 Qc7 14. b3 b6 15. Bb2 Bb7 16. Ne5 Rd8 17. Rad1 0-0 18. Rfe1 a5 19. h3 Bc5 20. Qc3 Kh8 21. Bb1 Rxd1 22. Rxd1 Be7 23. Qg3 Kg8 24. Nd7 Qxg3 25. fxg3 Nxd7 26. Rxd7 Bc5+ 27. Bd4 Bc6 28. Bxc5 Bxd7 29. Bxf8 Kxf8 30. g4 h6 31. Kf2 Ke7 32. b4 axb4 33. axb4 Kd6 34. Ke3 g5 35. Kd4 e5+ 36. Ke3 f6 37. Be4 Ba4 38. Kd3 Be8 39. Kc3 h5 40. gxh5 Bxh5 41. Bf5 Bf7 42. g3 Bh5 43. h4 gxh4 44. gxh4 Bf3 45. Kd3 Bh5 46. Ke3 Bd1 47. Bg6 Ke6 48. h5 f5 49. h6 f4+ 50. Kd2 1-0

[Event "Titled Tuesday intern op 6th Aug"]
[Site "Chess.com INT"]
[Date "2019.08.06"]
[Round "6"]
[White "Lushenkov, Mikhail M"]
[Black "Perdomo, Carlos Andres"]
[Result "1-0"]
[WhiteElo "2434"]
[BlackElo "2301"]
[PlyCount "141"]
[EventDate "2019.08.06"]
[EventType "swiss (blitz)"]
[EventRounds "10"]
[EventCountry "USA"]
[SourceTitle "EXT 2021"]
[Source "ChessBase"]
[SourceDate "2020.10.23"]
[SourceVersion "1"]
[SourceVersionDate "2020.10.23"]
[SourceQuality "1"]

1. Nf3 c5 2. c4 b6 3. d4 cxd4 4. Nxd4 Bb7 5. Nc3 Nf6 6. f3 e6 7. e4 d6 8. Be3 a6 9. Be2 Nbd7 10. Qd2 Be7 11. 0-0 0-0 12. Rfd1 Qc7 13. Rac1 Rfd8 14. Bf1 Rac8 15. a3 Qb8 16. Kh1 Ne5 17. Na4 Nfd7 18. b4 Rc7 19. Qf2 Rdc8 20. Nb2 Bf6 21. Nb3 Be7 22. h3 Ba8 23. Bd4 b5 24. cxb5 Rxc1 25. Rxc1 Rxc1 26. Nxc1 axb5 27. Nb3 Nc6 28. Be3 Bf6 29. Nd4 Nxd4 30. Bxd4 Bc6 31. Bxf6 Nxf6 32. Qd4 d5 33. e5 Nd7 34. Nd3 Qb6 35. Qc3 d4 36. Qc2 h6 37. Kh2 Qb7 38. Nc5 Qc7 39. f4 Nb6 40. Nxe6 fxe6 41. Bxb5 d3 42. Qxc6 Qxc6 43. Bxc6 d2 44. Bf3 Nc4 45. a4 Kf8 46. a5 Ke7 47. a6 Kd7 48. a7 Nb6 49. Kg1 Kc7 50. Kf2 d1Q 51. Bxd1 Kb7 52. Bb3 Kxa7 53. Bxe6 Kb7 54. Ke3 Kc7 55. Ke4 Na4 56. g4 Nc3+ 57. Kf5 Kd8 58. Bc4 Ke7 59. h4 Nd1 60. Ke4 Nf2+ 61. Kf3 Nd1 62. h5 Nc3 63. Ke3 Na4 64. Kd4 Nb6 65. Bb3 Nd7 66. Kd5 Nb6+ 67. Kc6 Nd7 68. b5 Nb8+ 69. Kc7 Nd7 70. b6 Nc5 71. Bc4 1-0

[Event "Titled Tuesday intern op 4th June"]
[Site "Chess.com INT"]
[Date "2019.06.04"]
[Round "8"]
[White "Lushenkov, Mikhail M"]
[Black "Grekh, Andrey"]
[Result "1-0"]
[WhiteElo "2434"]
[BlackElo "2398"]
[PlyCount "95"]
[EventDate "2019.06.04"]
[EventType "swiss (blitz)"]
[EventRounds "10"]
[EventCountry "USA"]
[SourceTitle "EXT 2021"]
[Source "ChessBase"]
[SourceDate "2020.10.23"]
[SourceVersion "1"]
[SourceVersionDate "2020.10.23"]
[SourceQuality "1"]

1. Nf3 Nf6 2. c4 e6 3. Nc3 Bb4 4. d4 d5 5. cxd5 exd5 6. Qa4+ Nc6 7. Bg5 Bd7 8. Rc1 0-0 9. e3 h6 10. Bxf6 Qxf6 11. Be2 Bxc3+ 12. Rxc3 Qg6 13. 0-0 Bh3 14. Ne1 Bd7 15. Qc2 Bf5 16. Qc1 Rfe8 17. Bb5 Bd7 18. Nf3 Bh3 19. Ne1 Bd7 20. Bxc6 Bxc6 21. Nf3 f6 22. Re1 Qe4 23. Qc2 Qxc2 24. Rxc2 Re7 25. Rec1 Kf8 26. Nd2 Ke8 27. Nb3 Ba4 28. Rxc7 Bxb3 29. axb3 Rb8 30. Kf1 Rd7 31. Ke2 Kd8 32. Rxd7+ Kxd7 33. h4 h5 34. Rc5 Kd6 35. Kd3 b6 36. Rc1 Re8 37. b4 a6 38. Ra1 Ra8 39. f3 Ra7 40. b5 a5 41. Rc1 Rc7 42. Rxc7 Kxc7 43. e4 Kd6 44. b3 Ke6 45. Ke3 g6 46. g4 Kd6 47. Kf4 Ke6 48. g5 1-0

[Event "Titled Tuesday intern op 7th May"]
[Site "Chess.com INT"]
[Date "2019.05.07"]
[Round "10"]
[White "Kotepalli, Sai Nirupama"]
[Black "Lushenkov, Mikhail M"]
[Result "0-1"]
[WhiteElo "1914"]
[BlackElo "2434"]
[PlyCount "68"]
[EventDate "2019.05.07"]
[EventType "swiss (blitz)"]
[EventRounds "10"]
[EventCountry "USA"]
[SourceTitle "EXT 2021"]
[Source "ChessBase"]
[SourceDate "2020.10.23"]
[SourceVersion "1"]
[SourceVersionDate "2020.10.23"]
[SourceQuality "1"]

1. d4 Nf6 2. Bf4 d5 3. e3 e6 4. Nf3 c5 5. c3 Nc6 6. Bd3 Bd6 7. Bg3 0-0 8. Nbd2 Qe7 9. Qc2 e5 10. dxe5 Nxe5 11. Nxe5 Bxe5 12. Nf3 Bc7 13. Bh4 h6 14. 0-0 Bg4 15. Nd2 Rfe8 16. Rae1 c4 17. Bf5 Qe5 18. Bg3 Qxf5 19. Qxf5 Bxf5 20. Bxc7 Bd3 21. Nf3 Ne4 22. Rd1 Bxf1 23. Kxf1 Rac8 24. Be5 Rcd8 25. h4 h5 26. Bc7 Rd7 27. Bf4 f6 28. Nd4 Kf7 29. f3 Nc5 30. Nf5 Re6 31. Nd4 Ra6 32. a3 Nd3 33. b3 Nxf4 34. exf4 Rxa3 0-1

[Event "Titled Tuesday intern op 7th May"]
[Site "Chess.com INT"]
[Date "2019.05.07"]
[Round "9"]
[White "Lushenkov, Mikhail M"]
[Black "Potapova, Margarita"]
[Result "1-0"]
[WhiteElo "2434"]
[BlackElo "2253"]
[PlyCount "97"]
[EventDate "2019.05.07"]
[EventType "swiss (blitz)"]
[EventRounds "10"]
[EventCountry "USA"]
[SourceTitle "EXT 2021"]
[Source "ChessBase"]
[SourceDate "2020.10.23"]
[SourceVersion "1"]
[SourceVersionDate "2020.10.23"]
[SourceQuality "1"]

1. Nf3 Nf6 2. c4 g6 3. b3 Bg7 4. Bb2 0-0 5. g3 b6 6. Bg2 Bb7 7. 0-0 c5 8. Nc3 d5 9. Nxd5 Nxd5 10. Bxg7 Kxg7 11. cxd5 Bxd5 12. d4 Nd7 13. Rc1 Rc8 14. dxc5 Rxc5 15. Qd4+ Nf6 16. Rxc5 bxc5 17. Qxc5 Qb6 18. Rc1 e6 19. Qxb6 axb6 20. Ne5 Ra8 21. Rc2 Bxg2 22. Kxg2 Nd5 23. Nd3 Rd8 24. a4 f5 25. Kf3 Kf6 26. Rc6 g5 27. Kg2 h5 28. f4 gxf4 29. gxf4 Rg8+ 30. Kf2 h4 31. e3 h3 32. Ne1 Rg7 33. Rc8 Rh7 34. Nf3 Nb4 35. Ng5 Rd7 36. Nxh3 Rd2+ 37. Kg3 Re2 38. Kf3 Rxh2 39. Ng5 Rb2 40. Re8 Rxb3 41. Rxe6+ Kg7 42. Rxb6 Rb2 43. a5 Nd3 44. Rxb2 Nxb2 45. a6 Nc4 46. a7 Nb6 47. Ne6+ Kf6 48. Nc7 Ke7 49. a8Q 1-0

[Event "Titled Tuesday intern op 2nd April"]
[Site "Chess.com INT"]
[Date "2019.04.02"]
[Round "2"]
[White "Korchmar, Vasiliy"]
[Black "Lushenkov, Mikhail M"]
[Result "1/2-1/2"]
[WhiteElo "2419"]
[BlackElo "2434"]
[PlyCount "165"]
[EventDate "2019.04.02"]
[EventType "swiss (blitz)"]
[EventRounds "10"]
[EventCountry "USA"]
[SourceTitle "EXT 2021"]
[Source "ChessBase"]
[SourceDate "2020.10.23"]
[SourceVersion "1"]
[SourceVersionDate "2020.10.23"]
[SourceQuality "1"]

1. d4 Nf6 2. c4 e6 3. g3 d5 4. Bg2 c6 5. Nf3 Nbd7 6. 0-0 Bd6 7. Nfd2 0-0 8. Nc3 Be7 9. e4 dxe4 10. Ndxe4 Nxe4 11. Bxe4 e5 12. dxe5 Nxe5 13. Bxh7+ Kxh7 14. Qh5+ Kg8 15. Qxe5 Bf6 16. Qh5 Qd3 17. Bf4 Be6 18. Rfe1 Bxc3 19. bxc3 Qxc4 20. Be5 f6 21. Bd4 b6 22. Rad1 Qxa2 23. Be3 Bd5 24. Rd4 Rae8 25. Rh4 Qc2 26. c4 Be6 27. Ra1 Re7 28. Bf4 Rd7 29. Be3 Qf5 30. Qe2 Rfd8 31. Re1 Qd3 32. Bxb6 Qxe2 33. Rxe2 Rd1+ 34. Kg2 Re8 35. Rhe4 axb6 36. Rxe6 Rxe6 37. Rxe6 b5 38. Rxc6 bxc4 39. Rxc4 Rd3 40. h4 Kf7 41. Rc7+ Kg6 42. Rc5 Kh6 43. f3 g5 44. hxg5+ fxg5 45. Rc6+ Kg7 46. Rb6 Rc3 47. Rb5 Kg6 48. Rb6+ Kg7 49. Re6 Rd3 50. Kf2 Ra3 51. Re3 Ra2+ 52. Re2 Ra3 53. Rd2 Rb3 54. Ke2 Kf6 55. Rd3 Rb1 56. Ke3 Re1+ 57. Kf2 Rb1 58. Rd6+ Kf5 59. Rd5+ Kf6 60. g4 Ra1 61. Rf5+ Kg6 62. Re5 Kf6 63. Re2 Rb1 64. Rc2 Ra1 65. Ke3 Ra3+ 66. Ke4 Ra4+ 67. Kd3 Ra3+ 68. Rc3 Ra4 69. Rc6+ Kg7 70. Rc4 Ra8 71. Rc5 Kf6 72. Rc6+ Kg7 73. Ke4 Re8+ 74. Kf5 Rf8+ 75. Kxg5 Rxf3 76. Rc7+ Kg8 77. Kg6 Rf8 78. g5 Ra8 79. Kh6 Rb8 80. g6 Ra8 81. Rg7+ Kh8 82. Rh7+ Kg8 83. Rg7+ 1/2-1/2

[Event "Titled Tuesday intern op 2nd April"]
[Site "Chess.com INT"]
[Date "2019.04.02"]
[Round "9"]
[White "Lushenkov, Mikhail M"]
[Black "Tang, Andrew"]
[Result "0-1"]
[WhiteElo "2434"]
[BlackElo "2501"]
[PlyCount "62"]
[EventDate "2019.04.02"]
[EventType "swiss (blitz)"]
[EventRounds "10"]
[EventCountry "USA"]
[SourceTitle "EXT 2021"]
[Source "ChessBase"]
[SourceDate "2020.10.23"]
[SourceVersion "1"]
[SourceVersionDate "2020.10.23"]
[SourceQuality "1"]

1. Nf3 d5 2. d4 Nf6 3. c4 e6 4. Nc3 Be7 5. Qc2 0-0 6. e4 dxe4 7. Nxe4 Nxe4 8. Qxe4 Nd7 9. Bd3 Bb4+ 10. Kf1 Nf6 11. Qh4 Re8 12. Ne5 h6 13. c5 c6 14. Bxh6 gxh6 15. Qxh6 Ba5 16. h4 Bc7 17. Rh3 Bxe5 18. dxe5 Ng4 19. Qh7+ Kf8 20. Rg3 Qd4 21. Rxg4 Qxg4 22. Be2 Qg7 23. Qh5 Rd8 24. g4 Rd5 25. f4 Rd4 26. Kg2 Rxf4 27. Rd1 Ke7 28. Bf3 Bd7 29. Rd6 Rh8 30. Qg5+ Qxg5 31. hxg5 Rc4 0-1

[Event "Titled Tuesday intern op 2nd April"]
[Site "Chess.com INT"]
[Date "2019.04.02"]
[Round "8"]
[White "Salimova, Nurgyul"]
[Black "Lushenkov, Mikhail M"]
[Result "1/2-1/2"]
[WhiteElo "2415"]
[BlackElo "2434"]
[PlyCount "198"]
[EventDate "2019.04.02"]
[EventType "swiss (blitz)"]
[EventRounds "10"]
[EventCountry "USA"]
[SourceTitle "EXT 2021"]
[Source "ChessBase"]
[SourceDate "2020.10.23"]
[SourceVersion "1"]
[SourceVersionDate "2020.10.23"]
[SourceQuality "1"]

1. e4 e6 2. d4 d5 3. Nc3 Nf6 4. Bg5 Be7 5. e5 Nfd7 6. h4 h6 7. Qh5 a6 8. Bd3 Nb6 9. Nf3 Nc6 10. 0-0-0 Nb4 11. Be2 Bd7 12. a3 Nc6 13. Bxe7 Qxe7 14. Qg4 Qf8 15. h5 0-0-0 16. Qf4 Na5 17. Nd2 c5 18. dxc5 Qxc5 19. Rh3 Qe7 20. Qd4 Kc7 21. Rg3 Nc6 22. Qf4 Qf8 23. Nb3 Kc8 24. Qe3 Na8 25. Nd4 Ne7 26. Na2 Nc7 27. Nb4 Rg8 28. Qb3 Nc6 29. Nbxc6 Bxc6 30. Nxc6 bxc6 31. Qb6 c5 32. Bxa6+ Nxa6 33. Qxa6+ Kc7 34. Qa7+ Kc6 35. Rb3 Rb8 36. Qa6+ Kc7 37. Qa7+ Kc6 38. Rxb8 Qxb8 39. Qxf7 Qe8 40. Qxe8+ Rxe8 41. f4 Rf8 42. g3 Rf5 43. Rh1 d4 44. b3 Kd5 45. Kd2 Ke4 46. Ke2 Rf7 47. Rh4 c4 48. bxc4 Rc7 49. Rg4 Rxc4 50. Kd2 Rc7 51. Rg6 Kd5 52. g4 Ra7 53. g5 hxg5 54. Rxg5 Rxa3 55. Rxg7 Rh3 56. Rh7 Ke4 57. h6 Kxf4 58. Rh8 Kxe5 59. h7 Rh2+ 60. Kd3 Rh3+ 61. Kc4 Rc3+ 62. Kb5 Rc7 63. Kb6 Rg7 64. Kc6 Rf7 65. Kc5 Rc7+ 66. Kb6 Rd7 67. Kc6 Rf7 68. Kc5 Ra7 69. Kb6 Rg7 70. Kc5 Rf7 71. Kc6 Kf5 72. Kd6 e5 73. Re8 Rxh7 74. Rxe5+ Kf4 75. Re2 Kf3 76. Rd2 Ke3 77. Rd3+ Ke4 78. Rd2 Rh6+ 79. Kc5 Ke3 80. Rd3+ Ke4 81. Rxd4+ Ke5 82. Rd5+ Ke4 83. c4 Rh8 84. Rd7 Rc8+ 85. Kb5 Rb8+ 86. Kc6 Rc8+ 87. Kb5 Rb8+ 88. Ka4 Rc8 89. Kb4 Rb8+ 90. Kc3 Rc8 91. Rd1 Ke5 92. Kb4 Rb8+ 93. Ka5 Rc8 94. Rc1 Kd6 95. Kb5 Rb8+ 96. Ka4 Kc5 97. Ka3 Rb4 98. Rc3 Rxc4 99. Rxc4+ Kxc4 1/2-1/2

[Event "PRO League Stage"]
[Site "Chess.com INT"]
[Date "2019.03.06"]
[Round "9"]
[White "Oparin, Grigoriy"]
[Black "Lushenkov, Mikhail M"]
[Result "1/2-1/2"]
[WhiteElo "2613"]
[BlackElo "2434"]
[PlyCount "44"]
[EventDate "2019.01.08"]
[EventType "team-swiss (rapid)"]
[EventRounds "10"]
[EventCountry "USA"]
[SourceTitle "CBM 189 Extra"]
[Source "ChessBase"]
[SourceDate "2019.06.03"]
[SourceVersion "1"]
[SourceVersionDate "2019.06.03"]
[SourceQuality "1"]
[WhiteTeam "Volga Stormbringers"]
[BlackTeam "Moscow Wizards"]
[WhiteTeamCountry "RUS"]
[BlackTeamCountry "RUS"]

1. d4 Nf6 2. Nf3 e6 3. c4 d5 4. g3 c6 5. Bg2 Nbd7 6. 0-0 Bd6 7. Nc3 0-0 8. Qc2 dxc4 9. Rd1 Qe7 10. e4 e5 11. Nh4 g6 12. Bg5 exd4 13. Rxd4 Ne5 14. Rd2 Nd3 15. b3 Nb4 16. Qc1 Nd3 17. Qc2 Nb4 18. Qd1 Be5 19. Rc1 Nd3 20. Rcc2 Nb4 21. Rc1 Nd3 22. Rcc2 Nb4 1/2-1/2

[Event "Titled Tuesday intern op 5th March"]
[Site "Chess.com INT"]
[Date "2019.03.05"]
[Round "1"]
[White "Lushenkov, Mikhail M"]
[Black "Bobula, Mateusz"]
[Result "1-0"]
[WhiteElo "2434"]
[BlackElo "2339"]
[PlyCount "39"]
[EventDate "2019.03.05"]
[EventType "swiss (blitz)"]
[EventRounds "10"]
[EventCountry "USA"]
[SourceTitle "EXT 2021"]
[Source "ChessBase"]
[SourceDate "2020.10.23"]
[SourceVersion "1"]
[SourceVersionDate "2020.10.23"]
[SourceQuality "1"]

1. Nf3 d5 2. d4 Nf6 3. c4 e6 4. Nc3 c6 5. e3 Nbd7 6. Bd3 dxc4 7. Bxc4 b5 8. Bd3 a6 9. a4 b4 10. Ne4 c5 11. Qe2 Bb7 12. Nxf6+ Nxf6 13. dxc5 Bxc5 14. e4 0-0 15. 0-0 a5 16. e5 Nd5 17. Bxh7+ Kxh7 18. Ng5+ Kg6 19. Qe4+ f5 20. exf6+ 1-0

[Event "PRO League Stage"]
[Site "Chess.com INT"]
[Date "2019.01.08"]
[Round "1"]
[White "Demidov, Mikhail"]
[Black "Lushenkov, Mikhail M"]
[Result "1-0"]
[WhiteElo "2520"]
[BlackElo "2434"]
[PlyCount "141"]
[EventDate "2019.01.08"]
[EventType "team-swiss (rapid)"]
[EventRounds "10"]
[EventCountry "USA"]
[SourceTitle "CBM 188 Extra"]
[Source "ChessBase"]
[SourceDate "2019.02.26"]
[SourceVersion "1"]
[SourceVersionDate "2019.02.26"]
[SourceQuality "1"]
[WhiteTeam "Moscow Phoenix"]
[BlackTeam "Moscow Wizards"]
[WhiteTeamCountry "RUS"]
[BlackTeamCountry "RUS"]

1. Nf3 d5 2. g3 Nc6 3. d4 Bf5 4. Bg2 Nb4 5. Na3 Nf6 6. 0-0 c6 7. Nh4 Be6 8. c3 Na6 9. Nc2 Qd7 10. f3 Bh3 11. Qd3 Bxg2 12. Nxg2 e6 13. b4 Nc7 14. e4 Qc8 15. e5 Nd7 16. f4 f5 17. exf6 Nxf6 18. Nce1 Bd6 19. Nf3 0-0 20. Bd2 a5 21. a3 Ne4 22. Ng5 Nxg5 23. fxg5 axb4 24. axb4 Rxa1 25. Rxa1 e5 26. dxe5 Bxe5 27. Re1 Bd6 28. Bf4 Qd7 29. g6 hxg6 30. Qxg6 Bxf4 31. Nxf4 Qf7 32. Qd6 Nb5 33. Qe5 Qf6 34. Qxf6 Rxf6 35. Re7 Rf7 36. Re3 Nd6 37. Kg2 Nb5 38. h4 d4 39. cxd4 Nxd4 40. h5 Nc2 41. Re8+ Rf8 42. Re4 Rd8 43. Re7 Nxb4 44. Ne6 Rd2+ 45. Kh3 Re2 46. Rxg7+ Kh8 47. Rxb7 Nd5 48. Ng5 Re7 49. Rxe7 Nxe7 50. Ne4 Kg7 51. g4 Nd5 52. g5 Nf4+ 53. Kg4 Ne6 54. Kf5 Nd4+ 55. Ke5 Nf3+ 56. Kf4 Nd4 57. Nc5 Ne2+ 58. Kf3 Nd4+ 59. Ke4 Ne2 60. Kf5 Ng3+ 61. Kg4 Ne2 62. h6+ Kg6 63. Ne6 Nc3 64. Nf4+ Kf7 65. g6+ Kf6 66. h7 Kg7 67. Kg5 Ne4+ 68. Kf5 Ng3+ 69. Ke5 c5 70. Ne6+ Kh8 71. Ng5 1-0

[Event "PRO League Stage"]
[Site "Chess.com INT"]
[Date "2019.01.08"]
[Round "1"]
[White "Lushenkov, Mikhail M"]
[Black "Kryakvin, Dmitry"]
[Result "1/2-1/2"]
[WhiteElo "2434"]
[BlackElo "2588"]
[PlyCount "94"]
[EventDate "2019.01.08"]
[EventType "team-swiss (rapid)"]
[EventRounds "10"]
[EventCountry "USA"]
[SourceTitle "CBM 188 Extra"]
[Source "ChessBase"]
[SourceDate "2019.02.26"]
[SourceVersion "1"]
[SourceVersionDate "2019.02.26"]
[SourceQuality "1"]
[WhiteTeam "Moscow Wizards"]
[BlackTeam "Moscow Phoenix"]
[WhiteTeamCountry "RUS"]
[BlackTeamCountry "RUS"]

1. Nf3 d5 2. e3 Nf6 3. c4 c6 4. Nc3 a6 5. Qc2 g6 6. d4 Bf5 7. Bd3 Bxd3 8. Qxd3 Bg7 9. 0-0 0-0 10. e4 dxe4 11. Nxe4 Nxe4 12. Qxe4 Nd7 13. Bg5 Re8 14. Rfe1 Qb6 15. Qc2 e6 16. Rad1 a5 17. h3 a4 18. Re2 h6 19. Bf4 Qa6 20. Ne5 Nxe5 21. Bxe5 Rad8 22. Bxg7 Kxg7 23. Re5 Re7 24. Qc3 Kh7 25. Qb4 c5 26. Qxc5 Red7 27. d5 b6 28. Qd4 b5 29. b3 axb3 30. axb3 bxc4 31. bxc4 Qa4 32. h4 exd5 33. Rxd5 Rxd5 34. cxd5 Qxd4 35. Rxd4 Kg7 36. f4 Kf6 37. Kf2 Ke7 38. g4 Kd6 39. g5 hxg5 40. hxg5 Kc5 41. Ke3 Rxd5 42. Rxd5+ Kxd5 43. Kd3 Ke6 44. Ke4 f6 45. gxf6 Kxf6 46. Kf3 g5 47. fxg5+ Kxg5 1/2-1/2

[Event "Titled Tuesday intern op 4th Dec"]
[Site "Chess.com INT"]
[Date "2018.12.04"]
[Round "6"]
[White "Lushenkov, Mikhail M"]
[Black "Mihajlov, Sebastian"]
[Result "1-0"]
[WhiteElo "2434"]
[BlackElo "2358"]
[PlyCount "97"]
[EventDate "2018.12.04"]
[EventType "swiss (blitz)"]
[EventRounds "10"]
[EventCountry "USA"]
[SourceTitle "EXT 2021"]
[Source "ChessBase"]
[SourceDate "2020.10.23"]
[SourceVersion "1"]
[SourceVersionDate "2020.10.23"]
[SourceQuality "1"]

1. Nf3 Nf6 2. c4 g6 3. Nc3 Bg7 4. e4 d6 5. d4 0-0 6. Be2 e5 7. 0-0 Nc6 8. d5 Ne7 9. Ne1 Nd7 10. Be3 f5 11. f3 f4 12. Bf2 g5 13. a4 a5 14. Nd3 b6 15. Be1 Nf6 16. Nf2 h5 17. h3 Kh8 18. b4 Neg8 19. bxa5 bxa5 20. c5 Rf7 21. Nb5 Bf8 22. cxd6 cxd6 23. Ra3 Nh6 24. Rc3 g4 25. fxg4 hxg4 26. hxg4 Rg7 27. Rh3 Rg6 28. Qc2 Kg8 29. Qc7 Qxc7 30. Nxc7 Ra7 31. Ne6 Bxe6 32. dxe6 Nhxg4 33. Nxg4 Nxg4 34. Bc4 Kg7 35. Bd2 Rc7 36. Rc1 Rb7 37. Bb5 Rxe6 38. Bxa5 Ne3 39. Rc7+ Rxc7 40. Bxc7 Rg6 41. Bf1 Kf6 42. a5 d5 43. exd5 Bc5 44. Bb6 Bxb6 45. axb6 Nxd5 46. b7 Rg8 47. Bc4 Ke6 48. Rh6+ Kd7 49. Bxd5 1-0

[Event "Titled Tuesday intern op 6th Nov"]
[Site "Chess.com INT"]
[Date "2018.11.06"]
[Round "6"]
[White "Barp, Alberto"]
[Black "Lushenkov, Mikhail M"]
[Result "1/2-1/2"]
[WhiteElo "2344"]
[BlackElo "2434"]
[PlyCount "115"]
[EventDate "2018.11.06"]
[EventType "swiss (blitz)"]
[EventRounds "10"]
[EventCountry "USA"]
[SourceTitle "EXT 2021"]
[Source "ChessBase"]
[SourceDate "2020.10.23"]
[SourceVersion "1"]
[SourceVersionDate "2020.10.23"]
[SourceQuality "1"]

1. d4 Nf6 2. c4 e6 3. g3 Bb4+ 4. Bd2 c5 5. Bxb4 cxb4 6. Bg2 0-0 7. a3 bxa3 8. Nxa3 Nc6 9. Nf3 b6 10. Nb5 Qe7 11. 0-0 a5 12. d5 exd5 13. cxd5 Nb4 14. d6 Qd8 15. Ne5 Rb8 16. Rc1 Bb7 17. Bxb7 Rxb7 18. Qd4 h6 19. Rc7 Rb8 20. Rfc1 Na6 21. R7c3 Nc5 22. Nc7 Nfe4 23. Re3 Ng5 24. Nd5 Nge6 25. Qg4 Qg5 26. Qxg5 hxg5 27. Rc4 Rb7 28. h4 f6 29. Ne7+ Kh7 30. hxg5 fxg5 31. N5g6 Rf6 32. Ne5 a4 33. Nd5 Rf8 34. g4 g6 35. Ne7 Rf4 36. Rh3+ Kg7 37. Rc1 Re4 38. N7xg6 Rxe2 39. Kg2 Nf4+ 40. Nxf4 gxf4 41. Nf3 Rxf2+ 42. Kxf2 Nd3+ 43. Ke2 Nxc1+ 44. Kd2 Nb3+ 45. Kc3 Nc5 46. Ne5 Ne4+ 47. Kd4 Nxd6 48. Kd5 Nf7 49. Nxf7 Kxf7 50. Rf3 b5 51. Rxf4+ Kg6 52. Rb4 Kg5 53. Kc5 Ra7 54. Kxb5 a3 55. bxa3 Rxa3 56. Rd4 Rg3 57. Rxd7 Rxg4 58. Rg7+ 1/2-1/2

[Event "Titled Tuesday intern op 17th April"]
[Site "Chess.com INT"]
[Date "2017.11.07"]
[Round "3"]
[White "Lushenkov, Mikhail M"]
[Black "Fier, Alexandr"]
[Result "1-0"]
[WhiteElo "2434"]
[BlackElo "2583"]
[PlyCount "99"]
[EventDate "2017.04.17"]
[EventType "swiss (blitz)"]
[EventRounds "10"]
[EventCountry "USA"]
[SourceTitle "EXT 2021"]
[Source "ChessBase"]
[SourceDate "2020.10.23"]
[SourceVersion "1"]
[SourceVersionDate "2020.10.23"]
[SourceQuality "1"]

1. Nf3 Nf6 2. c4 g6 3. Nc3 Bg7 4. e4 0-0 5. d4 d6 6. Be2 e5 7. 0-0 Nc6 8. d5 Ne7 9. Ne1 Nd7 10. Be3 f5 11. f3 f4 12. Bf2 g5 13. a4 Rf6 14. Nd3 Rh6 15. a5 a6 16. b4 Qe8 17. Be1 Qh5 18. h3 Nf6 19. Nf2 Ng6 20. Ng4 Nh4 21. Nxh6+ Qxh6 22. Bxh4 Qxh4 23. Qe1 Qh6 24. c5 Bf8 25. Na4 Nh5 26. cxd6 Bxd6 27. Nc5 Ng3 28. Rf2 Qg6 29. Rc1 h5 30. Ne6 Bxe6 31. dxe6 Nxe2+ 32. Rxe2 Qxe6 33. Qd2 Rf8 34. Qa2 Kf7 35. Qxe6+ Kxe6 36. Rb2 c6 37. Kf2 Rg8 38. Rd1 g4 39. hxg4 hxg4 40. Rh1 g3+ 41. Ke2 Kd7 42. Rh7+ Kc8 43. Kd3 Rd8 44. Kc4 Bc7 45. Kc3 c5 46. bxc5 Bxa5+ 47. Kc2 Bc7 48. Rb3 Rd4 49. Rd3 Rc4+ 50. Kb3 1-0

[Event "Titled Tuesday intern op 17th April"]
[Site "Chess.com INT"]
[Date "2017.11.07"]
[Round "4"]
[White "Lushenkov, Mikhail M"]
[Black "Michalik, Peter"]
[Result "1-0"]
[WhiteElo "2434"]
[BlackElo "2549"]
[PlyCount "57"]
[EventDate "2017.04.17"]
[EventType "swiss (blitz)"]
[EventRounds "10"]
[EventCountry "USA"]
[SourceTitle "EXT 2021"]
[Source "ChessBase"]
[SourceDate "2020.10.23"]
[SourceVersion "1"]
[SourceVersionDate "2020.10.23"]
[SourceQuality "1"]

1. Nf3 d5 2. e3 Nf6 3. c4 e6 4. b3 c5 5. Bb2 Nc6 6. cxd5 exd5 7. Be2 Bd6 8. 0-0 0-0 9. d4 cxd4 10. Nxd4 Ne5 11. Nd2 Re8 12. Rc1 a6 13. N2f3 Ng6 14. Qc2 Ne4 15. Bd3 Bg4 16. Bxe4 dxe4 17. Nd2 Be2 18. Nxe2 Bxh2+ 19. Kxh2 Qh4+ 20. Kg1 Ne5 21. Bxe5 Rxe5 22. Qc8+ Re8 23. Qh3 Qg5 24. Nf4 g6 25. Rc4 b5 26. Rxe4 Red8 27. Nf3 Qf6 28. Rd4 Re8 29. Rfd1 1-0